Conversaciones con mi alma / (Registro nro. 7295)

Detalles MARC
000 -LIDER
fixed length control field 00789nam a2200229 a 4500
001 - NÚMERO DE CONTROL
Identificador de número de control 000044218
003 - IDENTIFICACDOR DE NÚMERO DE CONTROL
control field DO-SdBNP
005 - DATE AND TIME OF LATEST TRANSACTION
control field 20180403100626.0
007 - CAMPOS FIJOS DE DESCRIPCIÓN FÍSICA
fixed length control field 000044218
008 - ELEMENTOS DE LONGITUD FIJA
fixed length control field 140610s2011 dr a 000 0 spa d
040 ## - FUENTE DE CATALOGACIÓN
Agencia que crea de manera original el registro BPMET
Idioma de catalogación spa
Agencia que realiza la transcripción BPMET
100 1# - ASIENTO PRINCIPAL -- NOMBRE PERSONAL
Nombre personal Báez Salazar, Emely
245 10 - MENCIÓN DE TITULO
Título Conversaciones con mi alma /
Mención de responsabilidad Emely Báez Salazar, Emil Enriquez Báez Salarar, José Enriquez Báez Ureña.
260 ## - PUBLICACIÓN, DISTRIBUCIÓN, ETC. (PIE DE IMPRENTA)
Lugar de publicación, distribución, etc Santo Domingo :
Nombre del editor, distribuidor, etc. Impretur,
Fecha de publicación, distribución, etc 2011.
300 ## - DESCRIPCIÓN FÍSICA
Extensión 98 p. :
Otros detalles físicos il. ;
Dimensiones 24 cm.
500 ## - NOTA GENERAL
Nota general Incluye datos biográficos del autor en la solapa de la contra cubierta
700 1# - ASIENTO SECUNDARIO -- NOMBRE PERSONAL
Nombre personal Báez Salazar, Emil Enriquez
700 1# - ASIENTO SECUNDARIO -- NOMBRE PERSONAL
Nombre personal Báez Ureña, José Enriquez
942 ## - ADDED ENTRY ELEMENTS (KOHA)
Source of classification or shelving scheme Dewey Decimal Classification
Koha item type Libros
945 ## - INFORMACIÓN DE PROCESAMIENTO LOCAL
Información de procesamiento local Remanejado para la BNPHU / 2018 VM
956 ## - LOCAL ELECTRONIC LOCATION AND ACCESS (OCLC)
Nombre de host VMATEO
Número de acceso 10
Información de compresión 20140610
Inicio de sesión BPMSU
Procesador de solicitud 0069
Existencias
Withdrawn status Lost status Source of classification or shelving scheme Damaged status Not for loan Collection code Home library Current library Date acquired Total Checkouts Barcode Date last seen Copy number Price effective from Koha item type
    Dewey Decimal Classification     Colección Infantil Dominicana Biblioteca Pública Metropolitana Salomé Ureña Biblioteca Pública Metropolitana Salomé Ureña 02/02/2015   BPMSU15040951 02/02/2015 02/02/2015 Libros
    Dewey Decimal Classification     Colección Infantil Dominicana Biblioteca Pública Metropolitana Salomé Ureña Biblioteca Pública Metropolitana Salomé Ureña 02/02/2015   BPMSU15040952 02/02/2015 e. 2 02/02/2015 Libros